Breves apuntes sobre la antigua escuela de pintura en México y algo sobre la escultura (Record no. 4456)

MARC details
000 -CABECERA
campo de control de longitud fija 00893nam a2200265 a 4500
001 - NÚMERO DE CONTROL
campo de control BRCA_4758
005 - FECHA Y HORA DE LA ÚLTIMA TRANSACCIÓN
campo de control 20190320204807.0
008 - DATOS DE LONGITUD FIJA--INFORMACIÓN GENERAL
campo de control de longitud fija 071010s1919----mx-a######---#000-0#spa-#
041 ## - CÓDIGO DE LENGUA
Código de lengua del texto/banda sonora o título independiente spa
044 ## - CÓDIGO DEL PAÍS DE LA ENTIDAD EDITORA/PRODUCTORA
Código MARC del país mx
050 #4 - SIGNATURA TOPOGRÁFICA DE LA BIBLIOTECA DEL CONGRESO
Número de clasificación ND250
Número de documento/Ítem .V53 1919
100 1# - ENTRADA PRINCIPAL--NOMBRE DE PERSONA
Nombre de persona Villa, Agustín F.
9 (RLIN) 12035
245 10 - MENCIÓN DE TÍTULO
Título Breves apuntes sobre la antigua escuela de pintura en México y algo sobre la escultura
Mención de responsabilidad, etc. por Agustín F. Villa ; con prólogo y notas de Alfonso Toro.
250 ## - MENCIÓN DE EDICIÓN
Mención de edición 2
260 ## - PUBLICACIÓN, DISTRIBUCIÓN, ETC.
Lugar de publicación, distribución, etc. México
Nombre del editor, distribuidor, etc. Don Quijote
Fecha de publicación, distribución, etc. 1919
300 ## - DESCRIPCIÓN FÍSICA
Extensión 91 p.
Otras características físicas il. (algunas a color)
Dimensiones 24 cm.
500 ## - NOTA GENERAL
Nota general Incluye un catálogo de los pintores de la antigua escuela mexicana y un apéndice
500 ## - NOTA GENERAL
Nota general Estado físico: Encuadernación deteriorada
500 ## - NOTA GENERAL
Nota general D99
650 14 - PUNTO DE ACCESO ADICIONAL DE MATERIA--TÉRMINO DE MATERIA
Término de materia o nombre geográfico como elemento de entrada Pintura
Subdivisión geográfica México
9 (RLIN) 11995
650 14 - PUNTO DE ACCESO ADICIONAL DE MATERIA--TÉRMINO DE MATERIA
Término de materia o nombre geográfico como elemento de entrada Escultura
Subdivisión general Historia
9 (RLIN) 3347
700 1# - PUNTO DE ACCESO ADICIONAL--NOMBRE DE PERSONA
Nombre de persona Toro, Alfonso
9 (RLIN) 12036
902 ## - CATALOGADOR
Iniciales GFM
942 ## - ELEMENTOS DE PUNTO DE ACCESO ADICIONAL (KOHA)
Fuente del sistema de clasificación o colocación Library of Congress Classification
Tipo de ítem Koha Libros
Holdings
Estado de retiro Estado de pérdida Estado dañado No para préstamo Localización permanente Ubicación/localización actual Fecha de adquisición Número de inventario Total de préstamos Signatura topográfica completa Código de barras Fecha visto por última vez Precio válido a partir de Tipo de ítem Koha
El ejemplar forma parte de la colección y puede ser consultado según las políticas vigentes.       Biblioteca del Museo Franz Mayer (Rogerio Casas-Alatriste) Biblioteca del Museo Franz Mayer (Rogerio Casas-Alatriste) 07/10/2010 D99   ND250 .V53 1919 (D99) 4783 22/03/2019 22/03/2019 Libros